| 000 | 00631 a2200229 4500 | ||
|---|---|---|---|
| 003 | CBULib | ||
| 005 | 20241001090259.0 | ||
| 008 | 241001b |||||||| |||| 00| 0 eng d | ||
| 020 | _a9780764237171 | ||
| 040 |
_bEnglish _cCBULib _erda |
||
| 041 | _aeng | ||
| 050 | _aPS 3607. R4299 | ||
| 100 | _aGreen, Army Lynn | ||
| 245 |
_aThe lines between us _c/ by Amy Lynn Green |
||
| 260 |
_bBethany House, _c2021 _aMinnesota : |
||
| 300 | _a380 pages | ||
| 336 |
_2rdacontent _aText | _btxt |
||
| 337 |
_2rdamedia _aUnmediated | _bn |
||
| 338 |
_2rdacarrier _aVolume _bnc |
||
| 650 | 0 |
_93505 _aAMERICAN LITERATURE |
|
| 942 |
_2lcc _c002 |
||
| 999 |
_c85428 _d85428 |
||